[Event "26th Klatovy A 2018"]
[Site "Klatovy CZE"]
[Date "2018.07.07"]
[Round "8.28"]
[White "Odehnal, Jaroslav"]
[Black "Molkanov, Oleg 2001"]
[Result "0-1"]
[WhiteElo "1974"]
[BlackElo "2051"]
[PlyCount "48"]
[EventDate "2018.06.30"]
[EventType "swiss"]
[EventRounds "9"]
[EventCountry "CZE"]

1. e4 c6 2. d4 d5 3. Nc3 dxe4 4. Nxe4 Bf5 5. Ng3 Bg6 6. Nf3 Nd7 7. Bd3 e6 8. O-O Ngf6 9. Bg5 Qc7 10. c4 Bd6 11. Re1 O-O 12. Bxg6 hxg6 13. Qb3 Rfe8 14. Ne4 Nxe4 15. Rxe4 c5 16. Rd1 Rac8 17. Qc3 Bf8 18. b3 Qb6 19. d5 e5 20. Nxe5 Nxe5 21. Rde1 f6 22. f4 Nxc4 23. Qh3 Rxe4 24. Rxe4 Nd2 0-1

[Event "26th Klatovy A 2018"]
[Site "Klatovy CZE"]
[Date "2018.07.07"]
[Round "8.29"]
[White "Cmiko, Jakub"]
[Black "Hacaperka, Michal"]
[Result "1-0"]
[WhiteElo "2015"]
[BlackElo "1890"]
[PlyCount "103"]
[EventDate "2018.06.30"]
[EventType "swiss"]
[EventRounds "9"]
[EventCountry "CZE"]

1. e4 c5 2. Nf3 d6 3. d4 cxd4 4. Nxd4 Nf6 5. Nc3 a6 6. Be3 Ng4 7. Bc1 Nf6 8. f3 e5 9. Nb3 Be6 10. Be3 Be7 11. Qd2 d5 12. exd5 Nxd5 13. Nxd5 Qxd5 14. Qxd5 Bxd5 15. O-O-O Be6 16. Nc5 Bxc5 17. Bxc5 Nd7 18. Ba3 Rc8 19. b3 Nc5 20. Re1 f6 21. f4 O-O 22. Bxc5 Rxc5 23. Bd3 b5 24. Rhf1 g6 25. fxe5 fxe5 26. Rxf8+ Kxf8 27. Kd2 a5 28. c3 b4 29. c4 Ke7 30. Rf1 Bg8 31. a3 bxa3 32. Ra1 a4 33. bxa4 Bxc4 34. Bxc4 Rxc4 35. Rxa3 Rc6 36. a5 Ra6 37. Kc3 Kd6 38. Kc4 Kc6 39. Ra2 Ra8 40. a6 e4 41. Kd4 Re8 42. Ke3 Kd5 43. a7 Ra8 44. Ra5+ Ke6 45. Kxe4 Kd6 46. Kf4 Ke6 47. Kg5 Kf7 48. Kh6 Kg8 49. g4 Kh8 50. Rb5 Rg8 51. Rb8 g5 52. a8=Q 1-0

[Event "26th Klatovy A 2018"]
[Site "Klatovy CZE"]
[Date "2018.07.07"]
[Round "8.30"]
[White "Novak, Martin"]
[Black "Nagy, Ladislav1"]
[Result "0-1"]
[WhiteElo "1945"]
[BlackElo "1996"]
[PlyCount "80"]
[EventDate "2018.06.30"]
[EventType "swiss"]
[EventRounds "9"]
[EventCountry "CZE"]

1. e4 c5 2. Nf3 e6 3. d4 cxd4 4. Nxd4 Nc6 5. Nc3 Qc7 6. Be3 a6 7. Qf3 b5 8. a3 Bb7 9. Qg3 Qxg3 10. hxg3 Nf6 11. f3 Rc8 12. O-O-O Ne5 13. Na2 d5 14. exd5 Nxd5 15. Bf2 Be7 16. Kb1 O-O 17. Nc1 h6 18. Ncb3 Nc4 19. Bd3 Bf6 20. Be4 Ba8 21. Nd2 Nde3 22. Bxa8 Nxd1 23. Rxd1 Nxd2+ 24. Rxd2 Rxa8 25. Nb3 Rfd8 26. Rxd8+ Rxd8 27. Kc1 e5 28. Be3 Bg5 29. f4 exf4 30. gxf4 Be7 31. Nd4 Bc5 32. c3 Bxd4 33. Bxd4 Rd5 34. Kc2 Rh5 35. Kb3 Rh2 36. c4 bxc4+ 37. Kxc4 Rxg2 38. Kb4 Rd2 39. Be5 f6 40. Bc3 Rd5 0-1

[Event "26th Klatovy A 2018"]
[Site "Klatovy CZE"]
[Date "2018.07.07"]
[Round "8.31"]
[White "Brunova, Blanka"]
[Black "Svanda, Adam"]
[Result "1-0"]
[WhiteElo "1994"]
[BlackElo "1814"]
[PlyCount "59"]
[EventDate "2018.06.30"]
[EventType "swiss"]
[EventRounds "9"]
[EventCountry "CZE"]

1. e4 c5 2. Nf3 e6 3. c3 Nf6 4. e5 Nd5 5. d4 cxd4 6. cxd4 b6 7. Bd3 Ba6 8. O-O Bxd3 9. Qxd3 Be7 10. Nc3 Nxc3 11. bxc3 d5 12. exd6 Bxd6 13. Ng5 h6 14. Nxf7 Kxf7 15. Qf3+ Qf6 16. Qxa8 Rd8 17. f4 a5 18. f5 Kg8 19. Qe4 e5 20. Be3 Nd7 21. Rae1 Kh8 22. Rf3 exd4 23. Bxd4 Bc5 24. Rfe3 Bxd4 25. cxd4 Kh7 26. Rc1 Nb8 27. Qe5 Qd6 28. Rc7 Qxd4 29. Rxg7+ Kh8 30. Rd7+ 1-0

[Event "26th Klatovy A 2018"]
[Site "Klatovy CZE"]
[Date "2018.07.07"]
[Round "8.32"]
[White "Hlozek, David"]
[Black "Kubat, Miroslav"]
[Result "0-1"]
[WhiteElo "1852"]
[BlackElo "1993"]
[PlyCount "110"]
[EventDate "2018.06.30"]
[EventType "swiss"]
[EventRounds "9"]
[EventCountry "CZE"]

1. e4 c5 2. Nf3 Nc6 3. Nc3 d6 4. Bb5 Bd7 5. O-O g6 6. Re1 e5 7. d3 Bg7 8. Bg5 f6 9. Be3 Nge7 10. Nd2 O-O 11. Bc4+ Kh8 12. Nd5 Nxd5 13. Bxd5 Rb8 14. a4 f5 15. f3 f4 16. Bf2 g5 17. c3 Qe8 18. Kf1 h5 19. h3 Qg6 20. Ke2 Bf6 21. Qc2 Kg7 22. Rh1 g4 23. hxg4 hxg4 24. Rag1 g3 25. Be1 Rh8 26. Rxh8 Rxh8 27. Qb3 Na5 28. Qa2 Bd8 29. Nc4 Nc6 30. Bd2 Rh2 31. Kd1 Qh6 32. Kc2 b6 33. Na3 Ne7 34. Bb3 Rh1 35. Rxh1 Qxh1 36. Be6 Bxa4+ 37. b3 Be8 38. Bh3 Kf6 39. Qb1 Qxb1+ 40. Kxb1 d5 41. d4 cxd4 42. cxd4 dxe4 43. dxe5+ Kg5 44. fxe4 Bc6 45. Nc4 Bxe4+ 46. Kb2 Bf5 47. Bxf5 Kxf5 48. Nd6+ Kg4 49. Nf7 Bc7 50. Kc3 Nc6 51. e6 Kf5 52. Nh6+ Kxe6 53. Kd3 f3 54. gxf3 g2 55. Be3 Bf4 0-1

[Event "26th Klatovy A 2018"]
[Site "Klatovy CZE"]
[Date "2018.07.07"]
[Round "8.33"]
[White "Hlavac, Rudolf"]
[Black "Seemann, Jakub"]
[Result "0-1"]
[WhiteElo "1987"]
[BlackElo "1814"]
[PlyCount "140"]
[EventDate "2018.06.30"]
[EventType "swiss"]
[EventRounds "9"]
[EventCountry "CZE"]

1. e4 c5 2. Nf3 d6 3. d4 cxd4 4. Qxd4 a6 5. c4 Nc6 6. Qd2 g6 7. b3 Bg7 8. Nc3 Nf6 9. Bb2 O-O 10. h3 Qa5 11. Bd3 b5 12. cxb5 axb5 13. Nxb5 Qxd2+ 14. Kxd2 Bb7 15. Ke2 Nb4 16. Nd2 Nxd3 17. Kxd3 Nxe4 18. Bxg7 Nc5+ 19. Ke3 Kxg7 20. f3 f5 21. Rhb1 Bc6 22. Nc3 e5 23. Nc4 Rfd8 24. Nb6 d5 25. Ncxd5 Rxd5 26. Nxd5 Bxd5 27. Rd1 Bf7 28. b4 Ra3+ 29. Kd2 Ne6 30. Kc2 Nf4 31. Rd2 e4 32. Kb2 Ra4 33. a3 e3 34. Rc2 Nd3+ 35. Kb1 Bb3 36. Rc8 Kf7 37. Rc7+ Ke8 38. Rc8+ Kd7 39. Rc3 Bc4 40. Kc2 Nxb4+ 41. Kd1 Nd5 42. Rcc1 Nf4 43. g3 Nd3 44. Rc3 Ba6 45. Kc2 e2 46. Kd2 e1=Q+ 47. Rxe1 Nxe1 48. Kxe1 Kd6 49. Kf2 Bc4 50. h4 Kd5 51. Ke3 h6 52. g4 fxg4 53. fxg4 Bb5 54. Kf3 g5 55. hxg5 hxg5 56. Rb3 Bd7 57. Rd3+ Rd4 58. Rb3 Bxg4+ 59. Kg3 Bf5 60. Rb5+ Ke4 61. Ra5 Rd3+ 62. Kf2 Kf4 63. Ke2 Rh3 64. Ra4+ Be4 65. Ra7 Rh2+ 66. Kd1 g4 67. Rf7+ Ke3 68. Rf1 g3 69. Rg1 g2 70. Re1+ Kd3 0-1

[Event "26th Klatovy A 2018"]
[Site "Klatovy CZE"]
[Date "2018.07.07"]
[Round "8.34"]
[White "Bartonicek, Zdenek"]
[Black "Lhotska, Anna"]
[Result "1-0"]
[WhiteElo "1987"]
[BlackElo "1689"]
[PlyCount "69"]
[EventDate "2018.06.30"]
[EventType "swiss"]
[EventRounds "9"]
[EventCountry "CZE"]

1. e4 c5 2. Nf3 e6 3. c3 d5 4. exd5 Qxd5 5. d4 Nf6 6. Bb5+ Bd7 7. Qe2 Nc6 8. Bc4 Qd6 9. dxc5 Qxc5 10. Be3 Qa5 11. Nbd2 Be7 12. O-O O-O 13. Nb3 Qc7 14. Nc5 Bc8 15. b4 Ne5 16. Bf4 Nxf3+ 17. Qxf3 Bd6 18. Bxd6 Qxd6 19. Rad1 Qc7 20. Bb3 Rb8 21. c4 b6 22. Ne4 Nxe4 23. Qxe4 Bb7 24. Qh4 Rfd8 25. f3 Rbc8 26. Rfe1 h6 27. Kf2 Rd6 28. Rxd6 Qxd6 29. Rd1 Qxb4 30. Rd7 Ba6 31. Qe4 Bxc4 32. Bxc4 Qxc4 33. Rd8+ Rxd8 34. Qxc4 Rd2+ 35. Kg3 1-0

[Event "26th Klatovy A 2018"]
[Site "Klatovy CZE"]
[Date "2018.07.07"]
[Round "8.35"]
[White "Kaspar, Lukas"]
[Black "Neuendorf, Max"]
[Result "0-1"]
[WhiteElo "1799"]
[BlackElo "1981"]
[PlyCount "32"]
[EventDate "2018.06.30"]
[EventType "swiss"]
[EventRounds "9"]
[EventCountry "CZE"]

1. e4 c5 2. Nf3 Nc6 3. d4 cxd4 4. Nxd4 e5 5. Nb3 Nf6 6. Nc3 Bb4 7. Qf3 d5 8. exd5 Bg4 9. Qg3 Bxc3+ 10. bxc3 Qxd5 11. f3 O-O-O 12. Bd3 e4 13. fxe4 Qxe4+ 14. Be3 Rxd3 15. cxd3 Qxd3 16. Nc1 Qd1+ 0-1

[Event "26th Klatovy A 2018"]
[Site "Klatovy CZE"]
[Date "2018.07.07"]
[Round "8.36"]
[White "Novotny, Jaroslav2"]
[Black "Strnad, Jakub"]
[Result "1/2-1/2"]
[WhiteElo "1933"]
[BlackElo "2055"]
[PlyCount "133"]
[EventDate "2018.06.30"]
[EventType "swiss"]
[EventRounds "9"]
[EventCountry "CZE"]

1. e4 e5 2. Nf3 Nc6 3. d4 exd4 4. Bc4 Nf6 5. e5 d5 6. Bb5 Ne4 7. Nxd4 Bd7 8. Bxc6 bxc6 9. O-O Bc5 10. f3 Ng5 11. f4 Ne6 12. c3 f5 13. Be3 Bxd4 14. cxd4 O-O 15. Nc3 Qe7 16. Qd2 a5 17. Na4 Rfb8 18. b3 Qb4 19. Qxb4 Rxb4 20. Rfd1 Kf7 21. Rac1 Ke7 22. Kf2 Ra6 23. Ke2 Be8 24. Kd3 Ra8 25. Rc3 Rab8 26. Rdc1 Bd7 27. g4 fxg4 28. f5 Nxd4 29. Bxd4 Bxf5+ 30. Ke3 Rxd4 31. Kxd4 Rb4+ 32. Kc5 Bd7 33. Re3 Ke6 34. a3 Rf4 35. Rc2 h5 36. Nb2 h4 37. Nd3 Rf1 38. Kd4 Ke7 39. e6 Be8 40. b4 axb4 41. axb4 g5 42. Rf2 Rh1 43. Ke5 Rd1 44. Kd4 g3 45. hxg3 h3 46. g4 Rh1 47. Ke5 Bg6 48. Ne1 Rg1 49. Rxh3 Rxe1+ 50. Kd4 Re4+ 51. Kc3 Rxg4 52. Rh6 Rc4+ 53. Kb3 Be8 54. Re2 Re4 55. Rxe4 dxe4 56. Kc3 g4 57. Kd4 g3 58. Ke5 e3 59. Rh7+ Kd8 60. Rh1 g2 61. Rg1 e2 62. Kf6 c5 63. bxc5 c6 64. Ra1 Bh5 65. e7+ Kd7 66. Ra7+ Kc8 67. Ra1 1/2-1/2

[Event "26th Klatovy A 2018"]
[Site "Klatovy CZE"]
[Date "2018.07.07"]
[Round "8.37"]
[White "Cecil, Pavel"]
[Black "Stolc, Martin"]
[Result "1-0"]
[WhiteElo "1924"]
[BlackElo "2043"]
[PlyCount "141"]
[EventDate "2018.06.30"]
[EventType "swiss"]
[EventRounds "9"]
[EventCountry "CZE"]

1. d4 d6 2. g3 g6 3. Bg2 Bg7 4. Nf3 f5 5. c4 c5 6. d5 Qa5+ 7. Qd2 Qxd2+ 8. Nbxd2 h6 9. e3 b5 10. cxb5 Bb7 11. Nh4 Kf7 12. e4 Nf6 13. exf5 g5 14. Ng6 Rd8 15. h4 Bxd5 16. Bxd5+ Nxd5 17. hxg5 e6 18. gxh6 exf5 19. hxg7 Kxg6 20. Rh8 Nd7 21. Rxd8 Rxd8 22. Nc4 N7f6 23. b3 Nb4 24. Kf1 d5 25. Nd2 Kxg7 26. Bb2 d4 27. a4 Rh8 28. Kg2 Nd3 29. Ba3 Ng4 30. Nf3 Re8 31. Ra2 Rc8 32. Rc2 Nge5 33. Re2 Kf6 34. Nxe5 Nxe5 35. f3 Nd7 36. Rc2 Ke6 37. Bb2 Rh8 38. b4 Kd5 39. bxc5 Nxc5 40. Rd2 Nb3 41. Rd1 Re8 42. Kf2 Rc8 43. Re1 Rc4 44. g4 f4 45. g5 Rc2+ 46. Re2 d3 47. Rxc2 dxc2 48. g6 Ke6 49. g7 Kf7 50. Ke2 c1=Q 51. Bxc1 Nxc1+ 52. Kd2 Nb3+ 53. Kc3 Nc5 54. g8=Q+ Kxg8 55. a5 Nb7 56. a6 Nd6 57. Kb4 Nxb5 58. Kxb5 Kf7 59. Kc5 Ke6 60. Kd4 Kd6 61. Ke4 Kc6 62. Kxf4 Kb6 63. Kg5 Kxa6 64. f4 Kb5 65. f5 a5 66. f6 a4 67. f7 Kc4 68. f8=Q Kb3 69. Qf3+ Kb2 70. Qe2+ Kc3 71. Qa2 1-0

[Event "26th Klatovy A 2018"]
[Site "Klatovy CZE"]
[Date "2018.07.07"]
[Round "8.38"]
[White "Richter, Martin1"]
[Black "Lhotsky, Zdenek"]
[Result "1/2-1/2"]
[WhiteElo "2009"]
[BlackElo "1825"]
[PlyCount "44"]
[EventDate "2018.06.30"]
[EventType "swiss"]
[EventRounds "9"]
[EventCountry "CZE"]

1. e4 c5 2. Nc3 a6 3. f4 b5 4. g3 Bb7 5. Bg2 e6 6. Nf3 d5 7. exd5 exd5 8. O-O Nf6 9. Re1+ Be7 10. d4 O-O 11. h3 Nc6 12. Be3 Qb6 13. Kh2 Rfd8 14. Ne2 Rac8 15. dxc5 Bxc5 16. Bxc5 Qxc5 17. Ned4 Ne4 18. Nxc6 Qxc6 19. Nd4 Qb6 20. c3 Qg6 21. Re3 Rc4 22. a3 Rdc8 1/2-1/2

[Event "26th Klatovy A 2018"]
[Site "Klatovy CZE"]
[Date "2018.07.07"]
[Round "8.39"]
[White "Paldus, Jan"]
[Black "Kostelecky, Daniel"]
[Result "1-0"]
[WhiteElo "1778"]
[BlackElo "1953"]
[PlyCount "59"]
[EventDate "2018.06.30"]
[EventType "swiss"]
[EventRounds "9"]
[EventCountry "CZE"]

1. e4 c5 2. Nf3 Nc6 3. d4 cxd4 4. Nxd4 Nf6 5. Nc3 e5 6. Ndb5 d6 7. Bg5 a6 8. Na3 b5 9. Nd5 Be6 10. Bxf6 gxf6 11. c3 Bg7 12. Nc2 Ne7 13. Nxe7 Qxe7 14. Ne3 Rd8 15. Be2 Bh6 16. Nd5 Bxd5 17. Qxd5 O-O 18. Bg4 Rb8 19. a3 a5 20. Rd1 Rfd8 21. O-O Qc7 22. Rd3 b4 23. axb4 axb4 24. Bf5 Bf4 25. c4 Qc5 26. Bxh7+ Kg7 27. Bf5 Qxd5 28. Rxd5 b3 29. g3 Bh6 30. c5 1-0

[Event "26th Klatovy A 2018"]
[Site "Klatovy CZE"]
[Date "2018.07.07"]
[Round "8.40"]
[White "Hulin, Petr"]
[Black "Vartazaryan, Gor"]
[Result "1/2-1/2"]
[WhiteElo "2090"]
[BlackElo "1775"]
[PlyCount "33"]
[EventDate "2018.06.30"]
[EventType "swiss"]
[EventRounds "9"]
[EventCountry "CZE"]

1. d4 f5 2. e4 fxe4 3. Nc3 Nf6 4. Bg5 e6 5. Nxe4 Be7 6. Bxf6 Bxf6 7. Nf3 O-O 8. Bd3 Nc6 9. c3 b6 10. Qe2 h5 11. O-O Bb7 12. Rad1 Ne7 13. Bb1 Nd5 14. Qc2 g6 15. a3 Be7 16. Ne5 Qe8 17. Rde1 1/2-1/2

[Event "26th Klatovy A 2018"]
[Site "Klatovy CZE"]
[Date "2018.07.07"]
[Round "8.41"]
[White "Skopec, Lubos"]
[Black "Nechutny, Michal"]
[Result "1/2-1/2"]
[WhiteElo "1981"]
[BlackElo "1746"]
[PlyCount "68"]
[EventDate "2018.06.30"]
[EventType "swiss"]
[EventRounds "9"]
[EventCountry "CZE"]

1. e4 c5 2. c3 d5 3. exd5 Qxd5 4. d4 Nf6 5. Nf3 e6 6. Be2 Be7 7. O-O O-O 8. c4 Qd8 9. dxc5 Qxd1 10. Rxd1 Bxc5 11. Nc3 Nc6 12. Bg5 Be7 13. Rd2 b6 14. Rad1 Ba6 15. Nd4 Nxd4 16. Rxd4 Rad8 17. Bxf6 Bxf6 18. Rd7 Rxd7 19. Rxd7 Bxc3 20. bxc3 Ra8 21. Rc7 g6 22. f3 Rc8 23. Rxa7 Bxc4 24. Bxc4 Rxc4 25. Ra3 b5 26. Kf2 b4 27. cxb4 Rxb4 28. g4 g5 29. Ra8+ Kg7 30. a4 f5 31. h3 f4 32. a5 Rb2+ 33. Kg1 Rb1+ 34. Kf2 Rb2+ 1/2-1/2

[Event "26th Klatovy A 2018"]
[Site "Klatovy CZE"]
[Date "2018.07.07"]
[Round "8.42"]
[White "Bartos, Karel"]
[Black "Cekan, Petr1"]
[Result "1/2-1/2"]
[WhiteElo "1823"]
[BlackElo "1966"]
[PlyCount "31"]
[EventDate "2018.06.30"]
[EventType "swiss"]
[EventRounds "9"]
[EventCountry "CZE"]

1. e4 e5 2. Nf3 Nc6 3. Bb5 a6 4. Ba4 b5 5. Bb3 Be7 6. O-O Nf6 7. Re1 d6 8. c3 Bg4 9. d3 O-O 10. Nbd2 Na5 11. Bc2 c5 12. Nf1 Qc7 13. h3 Bh5 14. Ng3 Bg6 15. Nh4 Rac8 16. Bg5 1/2-1/2

[Event "26th Klatovy A 2018"]
[Site "Klatovy CZE"]
[Date "2018.07.07"]
[Round "8.43"]
[White "Skypala, Ondrej"]
[Black "Pavlicek, Lukas"]
[Result "1/2-1/2"]
[WhiteElo "1852"]
[BlackElo "1819"]
[PlyCount "45"]
[EventDate "2018.06.30"]
[EventType "swiss"]
[EventRounds "9"]
[EventCountry "CZE"]

1. e4 c5 2. c4 Nc6 3. Nc3 g6 4. g3 Bg7 5. Bg2 e5 6. Nge2 Nge7 7. O-O O-O 8. f4 d6 9. d3 f5 10. Nd5 Nd4 11. fxe5 dxe5 12. Nxd4 Nxd5 13. Nxf5 Nb4 14. Nxg7 Rxf1+ 15. Bxf1 Qd4+ 16. Kh1 Kxg7 17. a3 Nc6 18. Qe2 Be6 19. Be3 Qd6 20. Bg2 Nd4 21. Qf2 Rf8 22. Qg1 Nb3 23. Rf1 1/2-1/2

[Event "26th Klatovy A 2018"]
[Site "Klatovy CZE"]
[Date "2018.07.07"]
[Round "8.44"]
[White "Vilimova, Julie"]
[Black "Novak, Vaclav2"]
[Result "1/2-1/2"]
[WhiteElo "1826"]
[BlackElo "1778"]
[PlyCount "37"]
[EventDate "2018.06.30"]
[EventType "swiss"]
[EventRounds "9"]
[EventCountry "CZE"]

1. d4 d5 2. c4 e6 3. Nc3 Nf6 4. Bg5 Be7 5. e3 Nbd7 6. Nf3 c6 7. Bd3 dxc4 8. Bxc4 Nd5 9. Bxe7 Qxe7 10. e4 Nxc3 11. bxc3 b5 12. Be2 Nb6 13. O-O O-O 14. Ne5 Bb7 15. Nd3 Na4 16. Qb3 a6 17. Bf3 Rac8 18. Rfd1 Rfd8 19. Ne5 1/2-1/2

[Event "26th Klatovy A 2018"]
[Site "Klatovy CZE"]
[Date "2018.07.07"]
[Round "8.45"]
[White "Kubat, Martin"]
[Black "Danek, Vaclav"]
[Result "1-0"]
[WhiteElo "1881"]
[BlackElo "1885"]
[PlyCount "49"]
[EventDate "2018.06.30"]
[EventType "swiss"]
[EventRounds "9"]
[EventCountry "CZE"]

1. e4 e5 2. Nf3 Nc6 3. Bb5 a6 4. Ba4 Nf6 5. O-O Be7 6. Re1 b5 7. Bb3 d6 8. c3 O-O 9. d3 Na5 10. Bc2 Re8 11. Nbd2 Bf8 12. Nf1 h6 13. Ng3 g6 14. Be3 Bg7 15. h3 Kh8 16. Qd2 Ng8 17. Nh2 Rf8 18. f4 f5 19. exf5 Qh4 20. Ne2 gxf5 21. fxe5 dxe5 22. b4 Nb7 23. d4 e4 24. Nf4 Qe7 25. Ng6+ 1-0

[Event "26th Klatovy A 2018"]
[Site "Klatovy CZE"]
[Date "2018.07.08"]
[Round "9.1"]
[White "Krzyzanowski, Marcin"]
[Black "Straka, Vojtech"]
[Result "1/2-1/2"]
[WhiteElo "2473"]
[BlackElo "2379"]
[PlyCount "50"]
[EventDate "2018.06.30"]
[EventType "swiss"]
[EventRounds "9"]
[EventCountry "CZE"]

1. e4 c5 2. Nf3 Nc6 3. Bb5 g6 4. Bxc6 bxc6 5. O-O Bg7 6. Re1 Nh6 7. d3 O-O 8. Nc3 d6 9. e5 Bg4 10. exd6 exd6 11. h3 Bxf3 12. Qxf3 Qd7 13. Bg5 f6 14. Bd2 Rab8 15. b3 f5 16. Rad1 Rfe8 17. Ne2 Nf7 18. Nf4 Rxe1+ 19. Rxe1 Re8 20. Rxe8+ Qxe8 21. Qe2 Qxe2 22. Nxe2 Kf8 23. Be3 Ke7 24. h4 Bf6 25. g3 Nd8 1/2-1/2

[Event "26th Klatovy A 2018"]
[Site "Klatovy CZE"]
[Date "2018.07.08"]
[Round "9.3"]
[White "Vyprachticky, David"]
[Black "Slovak, Kilian"]
[Result "1-0"]
[WhiteElo "2301"]
[BlackElo "2285"]
[PlyCount "87"]
[EventDate "2018.06.30"]
[EventType "swiss"]
[EventRounds "9"]
[EventCountry "CZE"]

1. d4 Nf6 2. c4 g6 3. Nc3 Bg7 4. e4 d6 5. Nf3 O-O 6. Be2 e5 7. d5 a5 8. Bg5 Na6 9. Nd2 Qe8 10. O-O h6 11. Be3 Nh7 12. a3 Bd7 13. b4 f5 14. f3 b6 15. Qb3 f4 16. Bf2 a4 17. Qc2 g5 18. Rab1 Kh8 19. c5 bxc5 20. bxc5 Nxc5 21. Bxc5 dxc5 22. Bb5 Rg8 23. Nc4 Bf6 24. Bxd7 Qxd7 25. Rb7 Qc8 26. Rfb1 g4 27. Qe2 h5 28. d6 Ng5 29. fxg4 hxg4 30. Rxc7 Qe6 31. Nd5 Bd8 32. Rcb7 Nf3+ 33. Kh1 Nd4 34. Qe1 g3 35. Qf1 f3 36. h3 Rg6 37. Rb8 Rxb8 38. Rxb8 Rh6 39. Rxd8+ Kg7 40. gxf3 Rxh3+ 41. Kg2 Ne2 42. f4 Qg4 43. Rg8+ Kxg8 44. Nf6+ 1-0

[Event "26th Klatovy A 2018"]
[Site "Klatovy CZE"]
[Date "2018.07.09"]
[Round "9.6"]
[White "Simek, Petr1"]
[Black "Hollan, Martin"]
[Result "1-0"]
[WhiteElo "2354"]
[BlackElo "2341"]
[PlyCount "101"]
[EventDate "2018.06.30"]
[EventType "swiss"]
[EventRounds "9"]
[EventCountry "CZE"]

1. d4 Nf6 2. c4 g6 3. g3 Bg7 4. Bg2 d6 5. Nc3 O-O 6. Nf3 Nbd7 7. O-O e5 8. Qc2 exd4 9. Nxd4 Nb6 10. Rd1 Nxc4 11. Ncb5 a6 12. Qxc4 axb5 13. Nxb5 Ne8 14. Qc2 Bf5 15. e4 Bg4 16. f3 Be6 17. Nc3 c6 18. Be3 b5 19. a3 Qb8 20. Ne2 Bc4 21. Bd4 Nf6 22. b3 Bxe2 23. Qxe2 Nd7 24. Bxg7 Kxg7 25. f4 b4 26. a4 Kg8 27. Qc4 Qb6+ 28. Kh1 Nf6 29. Rxd6 Ng4 30. Qd4 Qxd4 31. Rxd4 c5 32. Rd2 Rfc8 33. Bf1 Rc7 34. Bb5 Nf6 35. Re1 Kf8 36. Kg2 Ke7 37. e5 Nd7 38. Rd6 Nf8 39. Red1 Ne6 40. Rd7+ Kf8 41. Bc4 Raa7 42. Rxc7 Rxc7 43. Rd6 Nd4 44. Rb6 Nf5 45. Kf3 h5 46. a5 Nd4+ 47. Ke4 Nc6 48. a6 Na5 49. Bd5 c4 50. bxc4 b3 51. Kd4 1-0

[Event "26th Klatovy A 2018"]
[Site "Klatovy CZE"]
[Date "2018.07.08"]
[Round "9.7"]
[White "Hausner, Ivan"]
[Black "Eret, Matous"]
[Result "1-0"]
[WhiteElo "2321"]
[BlackElo "2184"]
[PlyCount "97"]
[EventDate "2018.06.30"]
[EventType "swiss"]
[EventRounds "9"]
[EventCountry "CZE"]

1. d4 Nf6 2. c4 e6 3. g3 Bb4+ 4. Bd2 Bxd2+ 5. Qxd2 O-O 6. Bg2 d5 7. Nc3 c6 8. Nf3 Nbd7 9. b3 Qe7 10. O-O b6 11. Rfe1 Ba6 12. e4 dxe4 13. Nxe4 Rac8 14. Rad1 Nxe4 15. Rxe4 Nf6 16. Ree1 Rfd8 17. Qc2 Nd7 18. Qb2 Qf8 19. Rd2 Bb7 20. Qc2 h6 21. Red1 Qe7 22. Qe4 Nf6 23. Qe2 Qc7 24. Ne5 Rd6 25. c5 Rdd8 26. Qc4 Nd5 27. Qc1 b5 28. Be4 Qe7 29. Re1 Nf6 30. Bg2 Nd7 31. Red1 Nf6 32. b4 Nd5 33. Rb2 Qc7 34. a3 Re8 35. Be4 Nf6 36. Bb1 Nd7 37. Qc3 Rcd8 38. Rbd2 Nf8 39. h4 Qe7 40. Be4 Rc8 41. Qf3 Qc7 42. g4 g6 43. h5 Kg7 44. hxg6 Nxg6 45. Qg3 Rh8 46. f4 Qe7 47. f5 Nf8 48. f6+ Qxf6 49. Rf2 1-0

[Event "26th Klatovy A 2018"]
[Site "Klatovy CZE"]
[Date "2018.07.08"]
[Round "9.8"]
[White "Mejzlik, Ondrej"]
[Black "Simet, Martin"]
[Result "1/2-1/2"]
[WhiteElo "2287"]
[BlackElo "2182"]
[PlyCount "57"]
[EventDate "2018.06.30"]
[EventType "swiss"]
[EventRounds "9"]
[EventCountry "CZE"]

1. c4 e5 2. Nc3 Nf6 3. g3 d5 4. cxd5 Nxd5 5. Bg2 Nb6 6. Nf3 Nc6 7. O-O Be7 8. d3 O-O 9. a3 Re8 10. b4 Bf8 11. Ne4 a5 12. b5 Nd4 13. Nxd4 exd4 14. Qc2 a4 15. Bg5 f6 16. Bf4 Nd5 17. Rfc1 Nxf4 18. gxf4 Ra5 19. Qxc7 Qxc7 20. Rxc7 Rxb5 21. Rc4 Rb2 22. Rxa4 Rxe2 23. Rxd4 Bxa3 24. Bf3 Bb2 25. Bxe2 Bxd4 26. Ra4 Bb6 27. Kg2 Bc7 28. Bf3 Rd8 29. Rc4 1/2-1/2

[Event "26th Klatovy A 2018"]
[Site "Klatovy CZE"]
[Date "2018.07.08"]
[Round "9.9"]
[White "Jurek, Josef"]
[Black "Soural, Jan"]
[Result "0-1"]
[WhiteElo "2277"]
[BlackElo "2192"]
[PlyCount "56"]
[EventDate "2018.06.30"]
[EventType "swiss"]
[EventRounds "9"]
[EventCountry "CZE"]

1. Nf3 Nf6 2. c4 g6 3. g3 Bg7 4. Bg2 d5 5. cxd5 Nxd5 6. O-O c5 7. Nc3 Nc6 8. Qb3 Nxc3 9. bxc3 O-O 10. Qb5 Qa5 11. a4 a6 12. Qxa5 Nxa5 13. Ba3 Bg4 14. h3 Bxf3 15. Bxf3 Nb3 16. Ra2 Rfd8 17. d4 cxd4 18. Rb1 Na5 19. Bxe7 Rd7 20. Bb4 Nc6 21. Bxc6 bxc6 22. Rd1 Rb7 23. Rad2 f5 24. Ba5 dxc3 25. Rc2 Rb2 26. Rdc1 Re8 27. e3 Re4 28. Bxc3 Rxc2 0-1

[Event "26th Klatovy A 2018"]
[Site "Klatovy CZE"]
[Date "2018.07.08"]
[Round "9.10"]
[White "Parizek, Vojtech"]
[Black "Palek, Miroslav"]
[Result "1-0"]
[WhiteElo "2242"]
[BlackElo "2153"]
[PlyCount "49"]
[EventDate "2018.06.30"]
[EventType "swiss"]
[EventRounds "9"]
[EventCountry "CZE"]

1. e4 c5 2. Nf3 Nc6 3. d4 cxd4 4. Nxd4 Qb6 5. Nb3 Nf6 6. Nc3 e6 7. Bd3 Be7 8. O-O O-O 9. Kh1 d5 10. exd5 exd5 11. Be3 d4 12. Nxd4 Qxb2 13. Ncb5 Bg4 14. f3 Bd7 15. c3 Nd5 16. Rf2 Nxe3 17. Qg1 Qxa1 18. Qxa1 a6 19. Re2 Bg5 20. Nd6 f5 21. Qe1 f4 22. Qb1 Ne5 23. Bxh7+ Kh8 24. Qe4 Bh6 25. Bf5 1-0

[Event "26th Klatovy A 2018"]
[Site "Klatovy CZE"]
[Date "2018.07.08"]
[Round "9.11"]
[White "Jedlicka, Ales"]
[Black "Kozak, Milos"]
[Result "1/2-1/2"]
[WhiteElo "2221"]
[BlackElo "2156"]
[PlyCount "21"]
[EventDate "2018.06.30"]
[EventType "swiss"]
[EventRounds "9"]
[EventCountry "CZE"]

1. d4 d5 2. c4 c6 3. Nf3 Nf6 4. Nc3 a6 5. cxd5 cxd5 6. Bf4 Nc6 7. e3 Bg4 8. Rc1 e6 9. Bd3 Bd6 10. Bxd6 Qxd6 11. h3 1/2-1/2

[Event "26th Klatovy A 2018"]
[Site "Klatovy CZE"]
[Date "2018.07.08"]
[Round "9.12"]
[White "Hurdzan, Tomas"]
[Black "Vedral, Oldrich"]
[Result "1-0"]
[WhiteElo "2164"]
[BlackElo "2203"]
[PlyCount "73"]
[EventDate "2018.06.30"]
[EventType "swiss"]
[EventRounds "9"]
[EventCountry "CZE"]

1. e4 e5 2. Nf3 Nc6 3. Bc4 Nf6 4. d3 Bc5 5. O-O d6 6. c3 a6 7. a4 Ba7 8. Nbd2 O-O 9. b4 Ne7 10. Bb3 Ng6 11. Nc4 c6 12. Re1 Ng4 13. Ra2 Kh8 14. h3 Nh6 15. d4 exd4 16. Nxd4 d5 17. exd5 cxd5 18. Ne5 Nxe5 19. Rxe5 Qc7 20. Qe1 Bxd4 21. cxd4 Nf5 22. Rc2 Qb6 23. Rxc8 Raxc8 24. Rxf5 Qxd4 25. Rf3 Rfe8 26. Be3 Qd3 27. Qd1 Qxd1+ 28. Bxd1 Rc4 29. Rxf7 Rxb4 30. Rd7 d4 31. Bxd4 Rb1 32. Bc3 Rc1 33. Be5 Kg8 34. f4 g5 35. Kh2 gxf4 36. Bb3+ Kf8 37. Bg7# 1-0